Countries That End in Unique IA's - Statistics

General Stats
  • This quiz has been taken 14,002 times
    13,434 since last reset
  • The average score is 3 of 6
Answer Stats
ending country % Correct
kia Slovakia
71%
tia Croatia
68%
gia Georgia
65%
pia Ethiopia
58%
cia Saint Lucia
49%
hia Czechia
26%
No matching quizzes found
Score Distribution
Percent of People with Each Score
Percentile by Number Answered
Your Score History
You have not taken this quiz since the last reset